Ishi no densetsu,

Saved in:
Bibliographic Details
Main Author: Ishigami, Katashi, 1908-1994.
Format: Book
Language:Japanese
Published: Tōkyō, Sekkasha, 1963.
Subjects:
Tags: Add Tag
No Tags, Be the first to tag this record!
LEADER 00681nam a2200229 4500
001 007716943-3
005 20024617120653.0
008 920113s1963 ja 000 0 jpn
010 |a j 64001251 
035 0 |a ocm25101397 
040 |a DLC  |c CLU  |d *YNH*  |d CStRLIN 
050 0 |a GR800  |b .I8 
100 1 |6 880-01  |a Ishigami, Katashi,  |d 1908-1994. 
245 1 0 |6 880-02  |a Ishi no densetsu,  |c Ishigami Katashi cho. 
260 |6 880-03  |a Tōkyō,  |b Sekkasha,  |c 1963. 
300 |a 218 p.  |c 19 cm. 
650 0 |a Stone  |x Folklore. 
880 1 |6 100-01  |a 石上堅,  |d 1908- 
880 1 0 |6 245-02  |a 石の伝說,  |c 石上堅著. 
880 |6 260-03  |a 東京,  |b 雪華社,  |c 1963. 
988 |a 20021214 
906 |0 DLC